Cuestiones Políticas /

محفوظ في:
التفاصيل البيبلوغرافية
مؤلف مشترك: Universidad del Zulia. Facultad de Ciencias Jurídicas y Políticas. Instituto de Estudios Políticos y Derecho Público "Dr. Humberto J. La Roche"
التنسيق: كتاب
اللغة:Spanish
منشور في: Maracaibo, Venezuela: Universidad del Zulia
الوسوم: إضافة وسم
لا توجد وسوم, كن أول من يضع وسما على هذه التسجيلة!

MARC

LEADER 00000nam a22000007a 4500
003 cru CIDCACS/IIS
005 20170515091011.0
007 ta
008 161104s2011 ve ||||| |||| 00| 0 spa d
022 |a 07981406 
040 |c cru CIDCACS/IIS 
110 1 |9 368  |a Universidad del Zulia.  |b Facultad de Ciencias Jurídicas y Políticas.  |b Instituto de Estudios Políticos y Derecho Público "Dr. Humberto J. La Roche" 
245 1 |a Cuestiones Políticas /  |c Universidad del Zulia. Facultad de Ciencias Jurídicas y Políticas. Instituto de Estudios Políticos y Derecho Público "Dr. Humberto J.  
260 |a Maracaibo, Venezuela:  |b Universidad del Zulia 
500 |a Publicación bianual 
942 |2 ddc  |c PP 
999 |c 18708  |d 18708